000 00528nam a2200157 a 4500
008 120416s1979 ||||||||||||||||| || u
050 _aHD 6857 Ana
100 _aAnanaba, Wogu
245 1 4 _aThe trade union movement in Africa
246 _apromise and performance
260 _aLondon
_bHurst
_c1979
350 _a0.00
650 _aLABOUR
650 _aLABOUR UNIONS--AFRICA
995 _D0.00
_FCBU-MAIN LIBRARY (Kitwe)
_H1
_I0.00
_M1
_UDAMAGED
_ZMain Library Open Access Collection
999 _c60227
_d60227